000 00453nam a2200193Ia 4500
003 LK-CoDNM
008 010623t1922 xxu||||| |||| 00| 1 eng d
040 _aLK-CoDNM
_dLK-CoDNM
_eLK-CoDNM
041 _aeng
080 _a22 I.2
100 _aKincaid, C.A.
245 _aA History of Maratha People
260 _bOxford
_aLondon
_c1922
300 _b332p., 22 cm
650 _aIndia
650 _aShivaji
700 _aParasnis, D.B.
942 _cBK
999 _c90894
_d90894